33 Animals, 33 Books Quiz Stats

 Plays Quiz Updated May 13, 2013

Challenge
Share
Tweet
Embed
Score 0/33 Timer 05:00
10 Plays Today
% Correct
Alice's Adventures In Wonderland
93%
The Wonderful Wizard of Oz
92.4%
The Jungle Book
86.7%
Little Red Riding Hood
86.3%
The Lion, the Witch, and the Wardrobe
83.8%
Winnie the Pooh
80%
Charlotte's Web
78.6%
Pinocchio (The Adventures of)
70.5%
The Hundred and One Dalmatians
67.5%
Harry Potter and the ...
67.3%
Peter Pan
66.4%
The Wind in the Willows
65.7%
The Hobbit
57.6%
The Lord of the Rings
47.3%
Animal Farm
45.5%
Born Free: A Lioness of Two Worlds
39.2%
Life of Pi
36.3%
% Correct
Treasure Island
34.5%
Watership Down
28.9%
The Golden Compass or Northern Lights
28%
Tintin and the ...
26.9%
Breakfast at Tiffany’s
26.7%
The Call of the Wild
25.7%
Odyssey
25.6%
The Canterbury Tales
24.9%
Old Possum's Book of Practical Cats
24.3%
The Velveteen Rabbit
18.3%
Redwall
16.8%
Oliver Twist
16.7%
Where the Red Fern Grows
16.4%
Dr. Dolittle ...
16%
Gorillas in the Mist
11.2%
The Curious Incident of the Dog in the Night-Time
10.9%

You're not logged in!

Compare scores with friends on all Sporcle quizzes.
Join for Free
OR
Log In

You Might Also Like...

Show Comments

Extras

Top Quizzes Today


Score Distribution

Your Account Isn't Verified!

In order to create a playlist on Sporcle, you need to verify the email address you used during registration. Go to your Sporcle Settings to finish the process.

Report this User

Report this user for behavior that violates our Community Guidelines.

Details: